| 000 | 01465nam a2200289Ia 4500 | ||
|---|---|---|---|
| 001 | 18155 | ||
| 003 | GE_BSU | ||
| 008 | 181216s||||||||xx |||||||||||||| ||und|| | ||
| 020 | _a978-9941-401-48-0 | ||
| 040 | _cGE_BSU | ||
| 080 | _a811.353.1'36+ 811.353.1'373 | ||
| 100 | _aმელიქიშვილი, დამანა | ||
| 245 | _aფილოლოგიური ძიებანი | ||
| 245 | _bსტატიების კრებული | ||
| 245 | _cშეადგინეს და გამოსაც. მოამზადეს ვიქტორია ჯუღელმა და ნანა მრევლიშვილმა. წინათქმა შუქია აფრიდონიძე | ||
| 260 | _aთბილისი | ||
| 260 | _bლოგოსი | ||
| 260 | _c2009 | ||
| 300 | _a816გვ. ; 20სმ. ილ. | ||
| 300 | _eთემატ.საძიებ.გვ.807-815 | ||
| 520 | _aბიბლიოგრ. ტექსტ. შენიშვნ. | ||
| 541 | _h30ლ. | ||
| 653 | _aფილოლოგიური ძიებანი | ||
| 653 | _aქართული ენა | ||
| 653 | _aქართული ენის გრამატიკა; ზმნა ქართულ ენაში; ძველი ქართული ენის გრამატიკა; ქართული ენის ლექსიკოლოგია | ||
| 942 | _cBK | ||
| 999 |
_c51196 _d51196 |
||